<?xml version="1.0" encoding="UTF-8"?>
<record
    xmlns:xsi="http://www.w3.org/2001/XMLSchema-instance"
    xsi:schemaLocation="http://www.loc.gov/MARC21/slim http://www.loc.gov/standards/marcxml/schema/MARC21slim.xsd"
    xmlns="http://www.loc.gov/MARC21/slim">

  <leader>01103nam0a22002651  4500</leader>
  <controlfield tag="001">rc\2655161</controlfield>
  <controlfield tag="005">20250529192533.0</controlfield>
  <datafield tag="035" ind1=" " ind2=" ">
    <subfield code="a">(NLR Aleph) 006962451</subfield>
  </datafield>
  <datafield tag="090" ind1=" " ind2=" ">
    <subfield code="a">5358200</subfield>
    <subfield code="c">5358200</subfield>
  </datafield>
  <datafield tag="100" ind1=" " ind2=" ">
    <subfield code="a">20110614d1930    |||y0rusy50      ca</subfield>
  </datafield>
  <datafield tag="101" ind1="0" ind2=" ">
    <subfield code="a">rus</subfield>
  </datafield>
  <datafield tag="102" ind1=" " ind2=" ">
    <subfield code="a">RU</subfield>
  </datafield>
  <datafield tag="105" ind1=" " ind2=" ">
    <subfield code="a">y   z   |||||</subfield>
  </datafield>
  <datafield tag="200" ind1="1" ind2=" ">
    <subfield code="a">&#x418;&#x437; &#x432;&#x43E;&#x441;&#x43F;&#x43E;&#x43C;&#x438;&#x43D;&#x430;&#x43D;&#x438;&#x439;</subfield>
  </datafield>
  <datafield tag="210" ind1=" " ind2=" ">
    <subfield code="a">&#x41A;&#x430;&#x437;&#x430;&#x43D;&#x44C;</subfield>
    <subfield code="c">&#x413;&#x43E;&#x441;. &#x443;&#x43D;-&#x442;</subfield>
    <subfield code="d">[1930]</subfield>
  </datafield>
  <datafield tag="215" ind1=" " ind2=" ">
    <subfield code="a">879-885 &#x441;.</subfield>
    <subfield code="d">21 &#x441;&#x43C;</subfield>
  </datafield>
  <datafield tag="300" ind1=" " ind2=" ">
    <subfield code="a">&#x411;&#x435;&#x437; &#x442;&#x438;&#x442;. &#x43B;. &#x41E;&#x43F;&#x438;&#x441;&#x430;&#x43D;&#x43E; &#x43F;&#x43E; &#x43E;&#x431;&#x43B;.</subfield>
  </datafield>
  <datafield tag="300" ind1=" " ind2=" ">
    <subfield code="a">"&#x423;&#x447;&#x435;&#x43D;&#x44B;&#x435; &#x437;&#x430;&#x43F;&#x438;&#x441;&#x43A;&#x438; &#x41A;&#x430;&#x437;&#x430;&#x43D;&#x441;&#x43A;. &#x433;&#x43E;&#x441;. &#x443;&#x43D;-&#x442;&#x430; &#x438;&#x43C;. &#x412;.&#x418;. &#x423;&#x43B;&#x44C;&#x44F;&#x43D;&#x43E;&#x432;&#x430;-&#x41B;&#x435;&#x43D;&#x438;&#x43D;&#x430;. &#x41E;&#x442;&#x432;. &#x440;&#x435;&#x434;. &#x43F;&#x440;&#x43E;&#x444;. &#x412;.&#x41C;. &#x413;&#x440;&#x443;&#x437;&#x434;&#x435;&#x432;. &#x420;&#x435;&#x434;. &#x43A;&#x43E;&#x43B;&#x43B;&#x435;&#x433;&#x438;&#x44F;: &#x41F;&#x440;&#x43E;&#x444;. &#x410;.&#x415;. &#x410;&#x440;&#x431;&#x443;&#x437;&#x43E;&#x432;, &#x413;.&#x411;. &#x411;&#x43E;&#x433;&#x430;&#x443;&#x442;&#x434;&#x438;&#x43D;&#x43E;&#x432;, &#x43F;&#x440;&#x43E;&#x444;. &#x41D;.-&#x411;.&#x417;. &#x412;&#x435;&#x43A;&#x441;&#x43B;&#x438;&#x43D; ... [&#x438; &#x434;&#x440;.]. &#x41E;&#x442;&#x434;. &#x43E;&#x442;&#x442;. &#x438;&#x437; &#x442;. 90, &#x43A;&#x43D;. 5 &#x437;&#x430; 1930 &#x433;.</subfield>
  </datafield>
  <datafield tag="300" ind1=" " ind2=" ">
    <subfield code="a">&#x421; &#x430;&#x432;&#x442;&#x43E;&#x433;&#x440;. &#x430;&#x432;&#x442;.</subfield>
  </datafield>
  <datafield tag="700" ind1=" " ind2="1">
    <subfield code="a">&#x41B;&#x430;&#x432;&#x440;&#x441;&#x43A;&#x438;&#x439;</subfield>
    <subfield code="b">&#x41A;.&#x412;.</subfield>
    <subfield code="g">&#x41A;&#x43E;&#x43D;&#x441;&#x442;&#x430;&#x43D;&#x442;&#x438;&#x43D; &#x412;&#x438;&#x43A;&#x442;&#x43E;&#x440;&#x43E;&#x432;&#x438;&#x447;</subfield>
  </datafield>
  <datafield tag="801" ind1=" " ind2="0">
    <subfield code="a">RU</subfield>
    <subfield code="b">NLR</subfield>
    <subfield code="g">psbo</subfield>
  </datafield>
  <datafield tag="801" ind1=" " ind2="1">
    <subfield code="a">RU</subfield>
    <subfield code="b">ELAR</subfield>
    <subfield code="2">rusmarc</subfield>
  </datafield>
  <datafield tag="852" ind1=" " ind2=" ">
    <subfield code="a">NLR</subfield>
    <subfield code="j">&#x41F;&#x440;50 &#x412;-4/4</subfield>
  </datafield>
  <datafield tag="942" ind1=" " ind2=" ">
    <subfield code="c">BOOK</subfield>
  </datafield>
  <datafield tag="980" ind1=" " ind2=" ">
    <subfield code="a">NB</subfield>
  </datafield>
  <datafield tag="995" ind1=" " ind2=" ">
    <subfield code="5">2013-10-26</subfield>
    <subfield code="b">NLR02</subfield>
    <subfield code="c">NLR02</subfield>
    <subfield code="e">RFS</subfield>
    <subfield code="f">6962451-10</subfield>
    <subfield code="k">&#x41F;&#x440;50 &#x412;-4/4</subfield>
    <subfield code="o">0</subfield>
    <subfield code="r">BOOK</subfield>
    <subfield code="s">50_44</subfield>
  </datafield>
</record>
